| 000 | 00937cab a2200253 4500 | ||
|---|---|---|---|
| 001 | ABS45383 | ||
| 008 | 090401t1991 xxu||||| |||| 00| 0 eng d | ||
| 035 | _a(Sirsi) u52622 | ||
| 041 | _aeng | ||
| 100 | _aTysoe, B. | ||
| 245 | _aMaking the right choice | ||
| 260 | _c1991 | ||
| 350 | _a0 | ||
| 490 |
_aChartered Quantity Surveyor _v14(3) November 1991, 12-13(2) |
||
| 520 | _aOffers advice on choosing the most appropriate index. Explains the differences between building cost and tender price indices. Refers to important factors in the construction of indices such as the purpose of the index, selection of items, weighting, methods of measurement, unit rates and use of factor cost data. | ||
| 650 | _aBUILDING COST INDICES | ||
| 650 | _aBUILT ENVIRONMENT-BUILDING COSTS | ||
| 650 | _aOUTPUT | ||
| 650 | _aSTATISTICS | ||
| 650 | _aTENDER PRICES | ||
| 690 | _aBUILT ENVIRONMENT | ||
| 942 | _n0 | ||
| 948 | _c04/03/1997 | ||
| 999 |
_c32545 _d32545 |
||